[Event "Figueira 2023"]
[Site "?"]
[Date "2023.11.11"]
[Round "8.1"]
[White "Safarli, Eltaj"]
[Black "Mehar, Chinna Reddy C.H."]
[Result "1/2-1/2"]
[BlackElo "2366"]
[WhiteElo "2610"]
[LiveChessVersion "1.4.8"]

1. e4 {[%clk 1:28:41]} e5 {[%clk 1:30:19]} 2. Nf3 {[%clk 1:28:46]} Nc6
{[%clk 1:30:41]} 3. Bb5 {[%clk 1:28:58]} a6 {[%clk 1:31:00]} 4. Ba4
{[%clk 1:29:23]} d6 {[%clk 1:30:57]} 5. O-O {[%clk 1:29:16]} Bd7 {[%clk 1:30:55]}
6. d4 {[%clk 1:29:09]} Nxd4 7. Bxd7+ Qxd7 {[%clk 1:22:15]} 8. Nxd4
{[%clk 1:29:36]} exd4 {[%clk 1:22:36]} 9. Qxd4 {[%clk 1:30:03]} Nf6
{[%clk 1:22:00]} 10. Nc3 {[%clk 1:25:00]} Be7 {[%clk 1:21:43]} 11. Bg5
{[%clk 1:23:24]} O-O {[%clk 1:05:53]} 12. e5 {[%clk 1:21:29]} Ne8
{[%clk 1:06:06]} 13. Bf4 {[%clk 1:16:36]} Qe6 {[%clk 0:48:44]} 14. Rfe1
{[%clk 1:05:54]} dxe5 {[%clk 0:46:33]} 15. Bxe5 {[%clk 1:03:37]} Bf6
{[%clk 0:46:37]} 16. Nd5 {[%clk 0:52:46]} Bxe5 {[%clk 0:46:03]} 17. Rxe5
{[%clk 0:53:11]} Qd6 {[%clk 0:43:31]} 18. Rae1 {[%clk 0:53:11]} c6
{[%clk 0:32:37]} 19. Ne7+ {[%clk 0:53:07]} Kh8 {[%clk 0:33:01]} 20. Qe3
{[%clk 0:47:10]} g6 {[%clk 0:21:48]} 21. Qc3 Ng7 22. h4 {[%clk 0:39:28]} Rad8
{[%clk 0:18:26]} 1/2-1/2

[Event "Figueira 2023"]
[Site "?"]
[Date "2023.11.11"]
[Round "8.2"]
[White "Lalit, Babu M R"]
[Black "Albornoz Cabrera, Carlos Daniel"]
[Result "1/2-1/2"]
[BlackElo "2585"]
[WhiteElo "2533"]
[LiveChessVersion "1.4.8"]

1. d4 Nf6 2. c4 e6 3. Nf3 d5 4. Nc3 Bb4 5. Qa4+ Nc6 6. e3 O-O 7. Qc2 Re8 8. Bd2
a6 9. a3 Bd6 10. Rd1 h6 11. h3 Bd7 12. c5 Bf8 13. Be2 e5 14. O-O Qc8 15. Bc1 e4
16. Nh2 Bf5 17. Ng4 Bxg4 18. hxg4 Ne7 19. f3 exf3 20. gxf3 c6 21. Bd3 g6 22. Qh2
Bg7 23. Na4 Qe6 24. Bd2 h5 25. gxh5 Nxh5 26. Qd6 Nf5 27. Qxe6 Rxe6 28. Kf2 Rae8
29. Bxf5 gxf5 30. Rh1 f4 31. Rxh5 fxe3+ 32. Bxe3 Rxe3 33. Nc3 R3e6 34. Rh4 Rh6
35. Rxh6 Bxh6 36. Ne2 Be3+ 37. Kf1 Kh7 38. Rd3 Kg6 39. Rb3 Re7 40. Kg2 Kf5 41.
Ng3+ Kg5 42. Ne2 f5 43. Rd3 1/2-1/2

[Event "Figueira 2023"]
[Site "?"]
[Date "2023.11.11"]
[Round "8.3"]
[White "Janik, Igor"]
[Black "Prraneeth, Vuppala"]
[Result "1/2-1/2"]
[BlackElo "2512"]
[WhiteElo "2501"]
[LiveChessVersion "1.4.8"]

1. Nf3 {[%clk 1:30:58]} d5 {[%clk 1:29:47]} 2. g3 {[%clk 1:31:20]} g6
{[%clk 1:28:11]} 3. Bg2 {[%clk 1:31:34]} Bg7 {[%clk 1:28:35]} 4. d4
{[%clk 1:31:55]} Nf6 {[%clk 1:28:59]} 5. c4 {[%clk 1:32:09]} c6 {[%clk 1:29:21]}
6. cxd5 {[%clk 1:32:32]} cxd5 {[%clk 1:29:46]} 7. Nc3 {[%clk 1:32:40]} O-O
{[%clk 1:28:38]} 8. O-O {[%clk 1:33:00]} Ne4 {[%clk 1:24:14]} 9. Nd2
{[%clk 1:32:55]} Nxd2 {[%clk 1:18:47]} 10. Bxd2 {[%clk 1:23:12]} Nc6
{[%clk 1:19:07]} 11. e3 {[%clk 1:23:33]} 1/2-1/2

[Event "Figueira 2023"]
[Site "?"]
[Date "2023.11.11"]
[Round "8.4"]
[White "Urazayev, Arystanbek"]
[Black "Bernadskiy, Vitaliy"]
[Result "0-1"]
[BlackElo "2546"]
[WhiteElo "2478"]
[LiveChessVersion "1.4.8"]

1. e4 {[%clk 1:30:57]} c5 {[%clk 1:28:42]} 2. Nf3 {[%clk 1:31:20]} d6
{[%clk 1:29:06]} 3. Nc3 {[%clk 1:29:50]} Nf6 {[%clk 1:24:08]} 4. d4
{[%clk 1:29:51]} cxd4 {[%clk 1:24:32]} 5. Qxd4 {[%clk 1:30:16]} Nc6
{[%clk 1:23:52]} 6. Qd3 {[%clk 1:30:36]} h6 {[%clk 1:16:05]} 7. Be2
{[%clk 1:28:28]} e5 {[%clk 1:14:07]} 8. Nd5 {[%clk 1:24:26]} Nxd5
{[%clk 1:13:17]} 9. exd5 {[%clk 1:24:21]} Nb8 {[%clk 1:12:52]} 10. Be3
{[%clk 1:15:10]} Be7 {[%clk 1:12:32]} 11. g4 {[%clk 1:09:44]} Bxg4
{[%clk 1:09:21]} 12. Rg1 {[%clk 1:08:14]} Bxf3 {[%clk 1:08:37]} 13. Bxf3
{[%clk 1:08:37]} Bg5 {[%clk 1:07:55]} 14. Bxg5 {[%clk 0:50:42]} hxg5
{[%clk 1:08:19]} 15. Qb5+ {[%clk 0:49:25]} Nd7 {[%clk 1:05:35]} 16. Bg4
{[%clk 0:39:56]} Rc8 {[%clk 0:51:17]} 17. O-O-O {[%clk 0:29:08]} Rc7
{[%clk 0:50:36]} 18. h3 {[%clk 0:28:37]} a6 {[%clk 0:49:05]} 19. Qa4
{[%clk 0:27:39]} Kf8 {[%clk 0:49:10]} 20. Bxd7 {[%clk 0:25:52]} Qxd7
{[%clk 0:46:47]} 21. Qb4 {[%clk 0:26:02]} f6 {[%clk 0:45:21]} 22. Rd3
{[%clk 0:25:16]} Kf7 {[%clk 0:44:51]} 23. c3 {[%clk 0:17:19]} b5 {[%clk 0:43:35]}
24. Rg4 {[%clk 0:15:29]} Rc5 {[%clk 0:39:47]} 25. Rf3 {[%clk 0:12:25]} a5
{[%clk 0:36:35]} 26. Qe4 {[%clk 0:04:03]} Rc4 {[%clk 0:36:40]} 27. Qe2
{[%clk 0:04:04]} Rf4 {[%clk 0:33:46]} 28. Rfxf4 {[%clk 0:03:43]} gxf4
{[%clk 0:33:39]} 29. Qd3 {[%clk 0:02:22]} g5 {[%clk 0:33:58]} 30. a3
{[%clk 0:02:03]} Kg7 {[%clk 0:33:37]} 31. Kb1 {[%clk 0:02:16]} Qe8
{[%clk 0:32:29]} 32. Ka1 {[%clk 0:02:28]} e4 {[%clk 0:30:05]} 33. Qd4
{[%clk 0:02:42]} Qe5 {[%clk 0:29:40]} 34. Qa7+ {[%clk 0:03:06]} Kg6
{[%clk 0:29:57]} 35. Rg1 {[%clk 0:02:28]} b4 {[%clk 0:29:08]} 36. Qxa5
{[%clk 0:00:56]} bxc3 {[%clk 0:29:29]} 37. Qxc3 {[%clk 0:01:02]} Qxc3
{[%clk 0:29:45]} 38. bxc3 {[%clk 0:01:27]} Rxh3 {[%clk 0:30:08]} 39. Kb2
{[%clk 0:01:04]} f5 {[%clk 0:30:32]} 40. a4 {[%clk 0:31:21]} g4 {[%clk 1:00:57]}
41. a5 {[%clk 0:31:43]} f3 {[%clk 1:01:16]} 0-1

[Event "Figueira 2023"]
[Site "?"]
[Date "2023.11.11"]
[Round "8.5"]
[White "Kaczmarek, Aleksander"]
[Black "Das, Sayantan"]
[Result "0-1"]
[BlackElo "2500"]
[WhiteElo "2331"]
[LiveChessVersion "1.4.8"]

1. e4 c6 2. d4 d5 3. e5 Bf5 4. Nd2 e6 5. Nb3 a6 6. Nf3 c5 7. Nxc5 Bxc5 8. dxc5
Qa5+ 9. Qd2 Qxc5 10. Qg5 Ne7 11. c3 O-O 12. h4 Nbc6 13. Be3 Qa5 14. h5 h6 15. Qg3
Be4 16. Nd2 Bh7 17. Nb3 Qc7 18. Bf4 a5 19. Rd1 a4 20. Nc1 a3 21. b3 d4 22. c4
Qa5+ 23. Rd2 Nf5 24. Qh2 f6 25. Nd3 fxe5 26. Nxe5 Nb4 27. Bd3 Nxa2 28. O-O Nb4
29. Ra1 Nxd3 30. Rxd3 Ne7 31. Rg3 Rxf4 32. Rxg7+ Kxg7 33. Qxf4 Nf5 34. g4 Rf8 35.
Nd7 e5 36. Qf3 Rf7 37. gxf5 Rxd7 38. f6+ Kf8 39. Qg4 Rc7 40. Qe6 Qc5 41. b4 Qxb4
42. f7 Rxf7 43. Qxe5 Qe7 44. Qxd4 Rg7+ 45. Kf1 Be4 46. f4 Bg2+ 47. Kf2 Qh4+ 48.
Ke3 Qh3+ 49. Ke2 Qg4+ 50. Ke3 Re7+ 51. Kf2 Re2+ 0-1

[Event "Figueira 2023"]
[Site "?"]
[Date "2023.11.11"]
[Round "8.6"]
[White "Solodovnichenko, Yuri"]
[Black "Jacobsen, Mikkel Manosri"]
[Result "1/2-1/2"]
[BlackElo "2261"]
[WhiteElo "2490"]
[LiveChessVersion "1.4.8"]

1. e4 {[%clk 1:30:57]} c5 {[%clk 1:30:56]} 2. Nc3 {[%clk 1:31:18]} Nc6
{[%clk 1:31:19]} 3. Nge2 {[%clk 1:31:27]} Nd4 {[%clk 1:31:43]} 4. Nxd4
{[%clk 1:31:07]} cxd4 {[%clk 1:32:07]} 5. Ne2 {[%clk 1:31:14]} e5
{[%clk 1:32:19]} 6. c3 {[%clk 1:31:30]} d5 {[%clk 1:32:26]} 7. cxd4
{[%clk 1:30:57]} exd4 {[%clk 1:32:31]} 8. Nxd4 {[%clk 1:21:19]} dxe4
{[%clk 1:31:41]} 9. Bb5+ {[%clk 1:21:44]} Bd7 {[%clk 1:32:06]} 10. O-O
{[%clk 1:21:42]} Nf6 {[%clk 1:32:24]} 11. d3 {[%clk 1:13:39]} Bc5
{[%clk 1:32:09]} 12. dxe4 {[%clk 1:13:03]} O-O {[%clk 1:27:03]} 13. Bxd7
{[%clk 1:07:51]} Qxd7 {[%clk 1:27:23]} 14. Be3 {[%clk 0:58:45]} Rfd8
{[%clk 1:22:37]} 15. Qb3 {[%clk 0:54:18]} Nxe4 {[%clk 1:18:56]} 16. Rad1
{[%clk 0:54:02]} Qd5 {[%clk 1:18:19]} 17. Qc2 {[%clk 0:50:19]} Bb6
{[%clk 0:51:58]} 18. Nf3 {[%clk 0:44:09]} Qc6 {[%clk 0:51:43]} 19. Qxc6
{[%clk 0:43:08]} bxc6 {[%clk 0:52:10]} 20. Nd4 {[%clk 0:34:36]} Rd6
{[%clk 0:50:51]} 21. Nf5 {[%clk 0:32:10]} Rf6 {[%clk 0:49:02]} 22. Bxb6
{[%clk 0:30:01]} axb6 {[%clk 0:48:03]} 23. Ne3 {[%clk 0:30:23]} h5
{[%clk 0:46:42]} 24. Rd4 {[%clk 0:28:59]} Re8 {[%clk 0:44:03]} 1/2-1/2

[Event "Figueira 2023"]
[Site "?"]
[Date "2023.11.11"]
[Round "8.7"]
[White "Olsen, Filip Boe"]
[Black "Maisuradze, Nino"]
[Result "1-0"]
[BlackElo "2253"]
[WhiteElo "2416"]
[LiveChessVersion "1.4.8"]

1. Nf3 c5 2. c4 g6 3. d4 Bg7 4. d5 d6 5. e4 e5 6. Nc3 h6 7. h3 f5 8. exf5 gxf5 9.
g4 e4 10. Ng1 Nf6 11. gxf5 Bxf5 12. Nge2 Na6 13. Be3 Qd7 14. Ng3 O-O-O 15. Nxf5
Qxf5 16. Be2 h5 17. Qd2 Nd7 18. O-O-O Nb4 19. Kb1 Ne5 20. a3 Nf3 21. Bxf3 exf3+
22. Kc1 Bxc3 23. bxc3 Na6 24. Qd3 Qd7 25. Rdg1 Rhg8 26. h4 Rg4 27. Bg5 Re8 28.
Re1 Nc7 29. Kd2 Qa4 30. Rxe8+ Nxe8 31. Re1 a6 32. Qg6 Qxa3 33. Qxe8+ Kc7 34. Qd8#
1-0

[Event "Figueira 2023"]
[Site "?"]
[Date "2023.11.11"]
[Round "8.8"]
[White "Walter, Szymon"]
[Black "Grigoryan, Karen H."]
[Result "0-1"]
[BlackElo "2646"]
[WhiteElo "2328"]
[LiveChessVersion "1.4.8"]

1. e4 {[%clk 1:29:41]} c5 {[%clk 1:30:42]} 2. Nc3 {[%clk 1:29:44]} e6
{[%clk 1:30:37]} 3. Nf3 {[%clk 1:29:16]} Nc6 {[%clk 1:30:56]} 4. d4
{[%clk 1:29:36]} cxd4 {[%clk 1:31:20]} 5. Nxd4 {[%clk 1:30:01]} Qc7
{[%clk 1:31:43]} 6. Qd3 {[%clk 1:28:35]} a6 {[%clk 1:30:17]} 7. Nxc6
{[%clk 1:24:45]} Qxc6 {[%clk 1:28:19]} 8. Bf4 {[%clk 1:01:49]} b5
{[%clk 1:23:27]} 9. O-O-O {[%clk 0:59:24]} Bb7 {[%clk 1:23:08]} 10. Be2
{[%clk 0:54:41]} Ne7 {[%clk 0:39:49]} 11. Bf3 {[%clk 0:41:28]} Ng6
{[%clk 0:39:21]} 12. Bg3 {[%clk 0:39:16]} d6 13. Bxd6 {[%clk 0:33:50]} O-O-O
{[%clk 0:35:51]} 14. e5 {[%clk 0:32:40]} Nxe5 {[%clk 0:35:56]} 15. Bxc6
{[%clk 0:12:28]} Nxd3+ {[%clk 0:36:09]} 16. Rxd3 {[%clk 0:12:52]} Bxd6
{[%clk 0:33:39]} 17. Bxb7+ {[%clk 0:12:51]} Kxb7 {[%clk 0:34:02]} 18. Rhd1
{[%clk 0:11:02]} Kc6 19. Ne2 {[%clk 0:04:57]} g5 {[%clk 0:28:08]} 20. c3
{[%clk 0:03:29]} Kc7 {[%clk 0:28:02]} 21. Kc2 {[%clk 0:03:23]} h5
{[%clk 0:28:19]} 22. h3 {[%clk 0:02:41]} g4 {[%clk 0:28:32]} 23. h4
{[%clk 0:01:10]} Bc5 {[%clk 0:27:19]} 24. f3 {[%clk 0:00:49]} Rxd3
{[%clk 0:27:09]} 25. Rxd3 {[%clk 0:01:14]} Bf2 {[%clk 0:27:25]} 26. g3
{[%clk 0:00:44]} f5 {[%clk 0:24:51]} 27. fxg4 {[%clk 0:00:51]} hxg4
{[%clk 0:25:00]} 28. Nf4 {[%clk 0:00:47]} Rh6 {[%clk 0:25:04]} 29. Kd1
{[%clk 0:00:58]} e5 {[%clk 0:24:06]} 30. Nd5+ {[%clk 0:00:32]} Kb8
{[%clk 0:22:46]} 31. Ne7 {[%clk 0:00:33]} f4 {[%clk 0:22:51]} 32. Nf5
{[%clk 0:00:31]} Rf6 {[%clk 0:22:30]} 33. Ke2 {[%clk 0:00:37]} Bc5
{[%clk 0:20:21]} 34. Ng7 {[%clk 0:00:35]} f3+ {[%clk 0:19:59]} 35. Kf1
{[%clk 0:01:01]} e4 {[%clk 0:20:15]} 36. Rd5 {[%clk 0:00:48]} e3 {[%clk 0:19:36]}
37. Rxc5 {[%clk 0:01:07]} Rd6 {[%clk 0:19:52]} 0-1

[Event "Figueira 2023"]
[Site "?"]
[Date "2023.11.11"]
[Round "8.9"]
[White "Ghosh, Diptayan"]
[Black "Lewtak, Damian"]
[Result "1-0"]
[BlackElo "2356"]
[WhiteElo "2570"]
[LiveChessVersion "1.4.8"]

1. d4 Nf6 2. Bf4 d5 3. e3 e6 4. Nf3 Bd6 5. Nbd2 Bxf4 6. exf4 b6 7. c3 a5 8. Ne5
Ba6 9. Qa4+ c6 10. Ndf3 Bxf1 11. Kxf1 Qd6 12. g3 O-O 13. Kg2 Ne4 14. Rhe1 b5 15.
Qc2 Nd7 16. Re2 a4 17. Ne1 Qc7 18. N1d3 Nef6 19. a3 Nxe5 20. fxe5 Nd7 21. Qd2 c5
22. h4 cxd4 23. cxd4 Rac8 24. h5 h6 25. Rh1 Qb6 26. Rh4 f5 27. exf6 Nxf6 28. Nc5
Rce8 29. Rf4 Rf7 30. Re5 Nd7 31. Rxf7 Nxe5 32. Rb7 Qd6 33. Qf4 1-0

[Event "Figueira 2023"]
[Site "?"]
[Date "2023.11.11"]
[Round "8.10"]
[White "Rajesh, V A V"]
[Black "Spraggett, Kevin"]
[Result "1-0"]
[BlackElo "2480"]
[WhiteElo "2310"]
[LiveChessVersion "1.4.8"]

1. d4 {[%clk 1:30:52]} Nf6 {[%clk 1:30:38]} 2. c4 {[%clk 1:31:10]} e6
{[%clk 1:31:03]} 3. Nc3 {[%clk 1:31:31]} Bb4 {[%clk 1:31:24]} 4. e3
{[%clk 1:31:53]} O-O {[%clk 1:31:34]} 5. Bd3 {[%clk 1:32:02]} d5 {[%clk 1:31:32]}
6. Nf3 {[%clk 1:31:58]} dxc4 {[%clk 1:30:49]} 7. Bxc4 {[%clk 1:32:15]} c5
{[%clk 1:31:08]} 8. O-O {[%clk 1:32:18]} b6 {[%clk 1:29:51]} 9. Qe2
{[%clk 1:32:08]} cxd4 {[%clk 1:29:22]} 10. exd4 {[%clk 1:31:57]} Bb7
{[%clk 1:29:37]} 11. Bg5 {[%clk 1:31:10]} Bxc3 {[%clk 1:29:17]} 12. bxc3
{[%clk 1:31:32]} Nbd7 {[%clk 1:29:41]} 13. Rac1 {[%clk 1:23:21]} Qc7
{[%clk 1:29:10]} 14. Bd3 {[%clk 1:22:14]} h6 {[%clk 1:25:56]} 15. Bd2
{[%clk 1:20:56]} Ng4 {[%clk 1:17:11]} 16. Be4 {[%clk 1:20:02]} Bxe4
{[%clk 1:17:32]} 17. Qxe4 {[%clk 1:20:28]} Ngf6 {[%clk 1:17:54]} 18. Qe2
{[%clk 1:20:52]} Rfe8 {[%clk 1:17:30]} 19. Rfe1 {[%clk 1:21:09]} Rac8
{[%clk 1:17:38]} 20. c4 {[%clk 1:18:59]} Qb7 {[%clk 1:14:25]} 21. Rc3
{[%clk 1:18:13]} Qa6 {[%clk 1:14:32]} 22. a3 {[%clk 1:16:02]} Nh7
{[%clk 1:08:51]} 23. Rec1 {[%clk 0:57:43]} Qb7 {[%clk 1:00:55]} 24. Ne5
{[%clk 0:42:45]} Nxe5 {[%clk 1:00:58]} 25. dxe5 {[%clk 0:43:11]} Kh8
{[%clk 0:54:44]} 26. Rg3 {[%clk 0:35:28]} Rcd8 {[%clk 0:45:38]} 27. Be3
{[%clk 0:34:32]} Rg8 {[%clk 0:43:32]} 28. Rg4 {[%clk 0:26:03]} Qa6
{[%clk 0:39:08]} 29. Rg3 {[%clk 0:25:13]} Qb7 {[%clk 0:38:40]} 30. h4
{[%clk 0:17:46]} Qc7 {[%clk 0:38:29]} 31. Qh5 {[%clk 0:16:45]} Rd7
{[%clk 0:30:51]} 32. c5 {[%clk 0:12:05]} bxc5 {[%clk 0:31:16]} 33. Rxc5
{[%clk 0:12:21]} Qb8 {[%clk 0:29:00]} 34. Qg4 {[%clk 0:12:12]} Qb1+
{[%clk 0:23:37]} 35. Rc1 {[%clk 0:12:18]} Qb8 {[%clk 0:23:36]} 36. Qe4
{[%clk 0:09:15]} Rd5 {[%clk 0:21:13]} 37. Bf4 {[%clk 0:03:14]} Qd8
{[%clk 0:16:47]} 38. Be3 {[%clk 0:02:46]} Qb8 {[%clk 0:16:12]} 39. Qf3
{[%clk 0:01:57]} Rd7 {[%clk 0:13:28]} 40. Bf4 {[%clk 0:32:09]} Qd8
{[%clk 0:42:16]} 41. Qh5 {[%clk 0:29:42]} Qa8 {[%clk 0:35:23]} 42. Rgc3
{[%clk 0:24:43]} Qd8 {[%clk 0:31:38]} 43. Be3 {[%clk 0:24:28]} Qa5
{[%clk 0:30:25]} 44. Bc5 {[%clk 0:23:28]} Re8 {[%clk 0:21:30]} 45. Bb4
{[%clk 0:22:55]} Qd8 {[%clk 0:07:30]} 46. Bd6 {[%clk 0:22:09]} Qa8
{[%clk 0:07:22]} 47. Rc7 {[%clk 0:18:33]} Red8 {[%clk 0:07:44]} 48. Be7
{[%clk 0:16:52]} Rxc7 {[%clk 0:07:03]} 49. Rxc7 {[%clk 0:17:16]} Rg8
{[%clk 0:07:04]} 50. Qxf7 {[%clk 0:08:29]} Qe4 {[%clk 0:07:30]} 51. Qxe6
{[%clk 0:07:56]} Qe1+ {[%clk 0:05:52]} 52. Kh2 {[%clk 0:08:12]} Qxf2
{[%clk 0:05:50]} 53. Rc8 {[%clk 0:07:35]} Qf4+ {[%clk 0:01:51]} 54. Kh3
{[%clk 0:07:20]} Nf8 {[%clk 0:02:15]} 55. Qxg8+ {[%clk 0:07:40]} 1-0

[Event "Figueira 2023"]
[Site "?"]
[Date "2023.11.11"]
[Round "8.11"]
[White "Davtyan, David Arm."]
[Black "Sousa, Andre Ventura"]
[Result "1/2-1/2"]
[BlackElo "2441"]
[WhiteElo "2362"]
[LiveChessVersion "1.4.8"]

1. c4 e6 2. Nf3 Nf6 3. d4 Bb4+ 4. Nbd2 O-O 5. a3 Be7 6. b4 a5 7. b5 d5 8. e3 c5
9. Bb2 Nbd7 10. cxd5 exd5 11. dxc5 Nxc5 12. Be2 Bf5 13. O-O Rc8 14. Nd4 Bg6 15.
N2f3 Nfd7 16. a4 Bf6 17. Rc1 Qb6 18. Ba3 Rfd8 19. Ne1 Ne4 20. Rxc8 Rxc8 21. Bg4
Rc7 22. Bxd7 Rxd7 23. Nef3 Rc7 24. Ne2 Rc4 25. Qxd5 Qc7 26. Nfd4 Bxd4 27. Nxd4
Nf6 28. Qxc4 Qxc4 29. Rc1 Qxc1+ 30. Bxc1 Ne4 31. Nb3 Nc3 32. Bd2 Nxa4 33. Bxa5
Bd3 34. Nd4 Nc5 35. Bb4 Ne6 36. Nxe6 fxe6 37. b6 Kf7 38. f3 Bb5 39. e4 Ba6 40.
Kf2 Bb5 41. h4 h5 42. Ke3 Bf1 43. g3 Bb5 44. Kf4 Be2 45. Ke3 Bd1 1/2-1/2

[Event "Figueira 2023"]
[Site "?"]
[Date "2023.11.11"]
[Round "8.12"]
[White "Barski, Radoslaw"]
[Black "Romanishin, Oleg M"]
[Result "1-0"]
[BlackElo "2389"]
[WhiteElo "2437"]
[LiveChessVersion "1.4.8"]

1. d4 {[%clk 1:30:06]} d5 {[%clk 1:29:42]} 2. c4 {[%clk 1:30:27]} dxc4
{[%clk 1:30:01]} 3. Nf3 {[%clk 1:30:50]} Nf6 {[%clk 1:30:27]} 4. e3
{[%clk 1:31:12]} Bg4 {[%clk 1:30:53]} 5. Bxc4 {[%clk 1:31:32]} e6
{[%clk 1:31:17]} 6. O-O {[%clk 1:31:49]} a6 {[%clk 1:28:55]} 7. h3
{[%clk 1:31:22]} Bh5 {[%clk 1:29:10]} 8. Nc3 {[%clk 1:29:25]} Nc6
{[%clk 1:28:28]} 9. Re1 {[%clk 1:29:23]} Be7 {[%clk 1:14:01]} 10. g4
{[%clk 1:24:09]} Bg6 {[%clk 1:14:20]} 11. e4 {[%clk 0:53:54]} Nd7
{[%clk 1:12:06]} 12. Bf4 {[%clk 0:38:54]} Nb6 {[%clk 1:02:15]} 13. Bb3
{[%clk 0:37:56]} O-O {[%clk 0:54:56]} 14. a3 {[%clk 0:31:00]} Kh8
{[%clk 0:47:29]} 15. d5 {[%clk 0:25:23]} Na5 {[%clk 0:41:38]} 16. Ba2
{[%clk 0:24:32]} Bd6 {[%clk 0:25:21]} 17. Bxd6 {[%clk 0:11:44]} cxd6
{[%clk 0:25:18]} 18. Qd4 {[%clk 0:10:18]} e5 {[%clk 0:12:47]} 19. Qd3
{[%clk 0:10:39]} Rc8 {[%clk 0:12:59]} 20. Nd2 {[%clk 0:10:45]} Rc7
{[%clk 0:10:26]} 21. Rac1 {[%clk 0:09:22]} Qc8 {[%clk 0:04:18]} 22. b3
{[%clk 0:09:14]} f6 {[%clk 0:03:30]} 23. Qe3 {[%clk 0:07:51]} h5 {[%clk 0:02:50]}
24. f3 {[%clk 0:07:47]} Rff7 {[%clk 0:01:54]} 25. Ne2 {[%clk 0:01:51]} Rxc1
{[%clk 0:01:52]} 26. Rxc1 {[%clk 0:02:09]} Rc7 {[%clk 0:02:13]} 27. Rxc7
{[%clk 0:02:28]} Qxc7 {[%clk 0:02:37]} 28. Qc3 {[%clk 0:02:53]} Qxc3
{[%clk 0:00:45]} 29. Nxc3 {[%clk 0:03:15]} 1-0

[Event "Figueira 2023"]
[Site "?"]
[Date "2023.11.11"]
[Round "8.13"]
[White "Elissalt Cardenas, Hector"]
[Black "Del Rio De Angelis, Salvador G."]
[Result "1-0"]
[BlackElo "2424"]
[WhiteElo "2327"]
[LiveChessVersion "1.4.8"]

1. c4 e5 2. Nc3 d6 3. g3 Nf6 4. Bg2 Be7 5. d3 O-O 6. e4 c6 7. h3 a6 8. a4 Nfd7 9.
a5 Bg5 10. f4 exf4 11. Nf3 Bh6 12. gxf4 f5 13. O-O b5 14. Nd4 Nc5 15. b4 Qf6 16.
Be3 Ne6 17. Nce2 Nd8 18. Ng3 fxe4 19. dxe4 bxc4 20. Ndf5 Nf7 21. Bd4 Qd8 22. Nh5
Bxf5 23. exf5 Nh8 24. Qg4 Qd7 25. Nf6+ Rxf6 26. Bxf6 Qa7+ 27. Kh1 Nd7 28. Be7 d5
29. Rae1 Nf7 30. f6 Nf8 31. Bxf8 Rxf8 32. Qe6 Qc7 33. fxg7 Rb8 34. f5 Bxg7 35. f6
Bf8 36. Qg4+ 1-0

[Event "Figueira 2023"]
[Site "?"]
[Date "2023.11.11"]
[Round "8.14"]
[White "Petkov, Vladimir"]
[Black "Goncalves, Samuel Jesus P"]
[Result "1-0"]
[BlackElo "2136"]
[WhiteElo "2408"]
[LiveChessVersion "1.4.8"]

1. Nf3 Nf6 2. d4 g6 3. g3 Bg7 4. Bg2 O-O 5. O-O d5 6. c3 a5 7. a4 b6 8. Re1 Bb7
9. Bf4 Nbd7 10. Na3 Nh5 11. Bd2 Re8 12. Qb3 e5 13. dxe5 Nxe5 14. Rad1 Nd7 15. Nb5
Nc5 16. Qc2 Qe7 17. Bg5 Nf6 18. Bf4 Ne6 19. Be5 Rad8 20. Nfd4 c6 21. Nxe6 Qxe6
22. Bxf6 Qxf6 23. Nd4 Re7 24. e3 Rde8 25. Qb3 c5 26. Ne2 c4 27. Qb5 Rc8 28. b4
Bc6 29. Qxb6 axb4 30. Qxb4 Rb7 31. Qa5 Rb2 32. Bxd5 Ra8 33. Qc5 Bxd5 34. Qxd5
Rxa4 35. Rd4 Bh6 36. Rxc4 Raa2 37. Rc8+ Kg7 38. Qc5 g5 39. Rc6 Qf3 40. Qe5+ f6
41. Rc7+ Kg6 42. Qe8+ Kf5 43. Nd4+ 1-0

[Event "Figueira 2023"]
[Site "?"]
[Date "2023.11.11"]
[Round "8.15"]
[White "Povshednyi, Ivan"]
[Black "Stella, Andrea"]
[Result "1/2-1/2"]
[BlackElo "2431"]
[WhiteElo "2230"]
[LiveChessVersion "1.4.8"]

1. d4 {[%clk 1:30:57]} Nf6 {[%clk 1:28:58]} 2. c4 {[%clk 1:31:05]} e6
{[%clk 1:29:15]} 3. g3 {[%clk 1:31:18]} d5 {[%clk 1:28:22]} 4. Nf3
{[%clk 1:31:36]} Bb4+ {[%clk 1:28:35]} 5. Nc3 {[%clk 1:31:48]} O-O
{[%clk 1:28:30]} 6. Bg2 {[%clk 1:31:55]} dxc4 {[%clk 1:26:35]} 7. O-O
{[%clk 1:32:13]} Nc6 {[%clk 1:26:36]} 8. Qa4 {[%clk 1:32:22]} Nd5
{[%clk 1:26:37]} 9. Qc2 {[%clk 1:32:20]} Be7 {[%clk 1:26:25]} 10. Rd1
{[%clk 1:29:38]} Rb8 {[%clk 1:16:21]} 11. e4 {[%clk 1:25:26]} Ncb4
{[%clk 1:16:21]} 12. Qb1 {[%clk 1:25:13]} Nxc3 {[%clk 1:16:38]} 13. bxc3
{[%clk 1:25:42]} Nd3 {[%clk 1:16:59]} 14. Qb5 {[%clk 1:26:02]} c5
{[%clk 1:14:55]} 15. Qxc4 {[%clk 1:23:47]} Nxc1 {[%clk 1:15:17]} 16. Raxc1
{[%clk 1:23:55]} b5 {[%clk 1:15:40]} 17. Qe2 {[%clk 1:21:39]} c4 {[%clk 1:08:35]}
18. d5 {[%clk 1:03:08]} exd5 {[%clk 1:04:30]} 19. Rxd5 {[%clk 0:45:38]} Qc7
{[%clk 0:58:59]} 20. Rdd1 {[%clk 0:35:28]} Bg4 {[%clk 0:52:33]} 21. h3
{[%clk 0:33:09]} Bxf3 {[%clk 0:52:56]} 22. Bxf3 {[%clk 0:33:14]} Bg5
{[%clk 0:48:20]} 23. Rc2 {[%clk 0:31:52]} Rfd8 {[%clk 0:48:40]} 24. Rd5
{[%clk 0:26:52]} Rxd5 {[%clk 0:47:56]} 25. exd5 {[%clk 0:27:20]} Qd6
{[%clk 0:44:30]} 26. Rb2 {[%clk 0:25:41]} Be7 27. a4 {[%clk 0:24:24]} a6
{[%clk 0:32:11]} 28. axb5 {[%clk 0:24:34]} axb5 {[%clk 0:32:39]} 29. Rb1
{[%clk 0:21:49]} g6 {[%clk 0:32:28]} 30. Kg2 {[%clk 0:20:08]} Kg7
{[%clk 0:32:50]} 31. h4 {[%clk 0:16:27]} h5 {[%clk 0:32:30]} 32. Qa2
{[%clk 0:15:13]} Qa3 {[%clk 0:27:07]} 33. Qxa3 {[%clk 0:15:02]} Bxa3
{[%clk 0:27:35]} 34. Be2 {[%clk 0:14:04]} Bd6 {[%clk 0:27:52]} 35. f4
{[%clk 0:10:46]} Kf6 {[%clk 0:22:29]} 36. Kf3 {[%clk 0:10:35]} Ke7
{[%clk 0:19:48]} 37. Bf1 {[%clk 0:09:27]} Bc7 {[%clk 0:18:28]} 38. Ra1
{[%clk 0:02:17]} Bb6 {[%clk 0:04:28]} 39. Rb1 {[%clk 0:02:21]} Ba7
{[%clk 0:03:50]} 40. Ra1 {[%clk 0:32:40]} Bb6 {[%clk 0:33:54]} 41. Rb1
{[%clk 0:32:50]} Bc7 {[%clk 0:28:11]} 42. Ra1 {[%clk 0:29:44]} Kd6
{[%clk 0:28:38]} 43. Ra7 {[%clk 0:28:50]} b4 {[%clk 0:16:07]} 44. Bxc4
{[%clk 0:19:27]} bxc3 {[%clk 0:13:29]} 45. Ra6+ {[%clk 0:16:42]} Bb6
{[%clk 0:05:44]} 46. Ke2 {[%clk 0:10:34]} Re8+ {[%clk 0:02:49]} 47. Kd1
{[%clk 0:09:28]} Kc5 {[%clk 0:02:33]} 48. Bb3 {[%clk 0:05:03]} Re3
{[%clk 0:02:03]} 49. Kc2 {[%clk 0:03:37]} Rxg3 {[%clk 0:02:11]} 50. d6
{[%clk 0:03:52]} Bd8 {[%clk 0:01:01]} 51. Bxf7 {[%clk 0:03:39]} Bxh4
{[%clk 0:00:37]} 52. d7 {[%clk 0:03:47]} Rf3 {[%clk 0:00:32]} 53. Bxg6
{[%clk 0:01:53]} Rxf4 {[%clk 0:01:00]} 54. Bxh5 {[%clk 0:01:36]} Rd4
{[%clk 0:01:20]} 55. Kxc3 {[%clk 0:01:30]} Be1+ {[%clk 0:01:20]} 56. Kc2
{[%clk 0:01:41]} Rxd7 {[%clk 0:01:46]} 57. Re6 {[%clk 0:01:24]} Bg3
{[%clk 0:01:39]} 1/2-1/2